Caccia alla parola #2 - Statistics

Statistiche generali
  • Questo quiz è stato fatto 56 volte
  • Il punteggio medio è 4 su 10
Statistiche sulle risposte
Indizio Parola % Corretto
M _ _ L _ PP _ MALLOPPO
88%
_ U _ OS _ RA _ A AUTOSTRADA
68%
R _ _ OI _ RASOIO
49%
B _ _ G _ IE _ A BRUGHIERA
46%
_ AM _ OG _ A ZAMPOGNA
37%
T _ _ AE _ B _ TOSAERBA
32%
_ _ FF _ T _ BAFFUTO
27%
_ L _ AS _ RO BLUASTRO
20%
_ O _ U _ T YOGURT
15%
_ I _ _ CH _ T _ O FIOCCHETTO
7%
Nessun quiz corrispondente trovato
Distribuzione punteggi
Percentuale di utenti per punteggio
Percentile per numero di risposta
I tuoi punteggi nel tempo
Non hai fatto questo quiz